<?xml version="1.0" encoding="UTF-8"?>
<record
    xmlns:xsi="http://www.w3.org/2001/XMLSchema-instance"
    xsi:schemaLocation="http://www.loc.gov/MARC21/slim http://www.loc.gov/standards/marcxml/schema/MARC21slim.xsd"
    xmlns="http://www.loc.gov/MARC21/slim">

  <leader>01252nam a2200229 a 4500</leader>
  <controlfield tag="001">78866</controlfield>
  <controlfield tag="003">BD-RjUL</controlfield>
  <controlfield tag="005">20211209083201.0</controlfield>
  <controlfield tag="008">211122s19951415le ||||| |||| 00| 0 ara d</controlfield>
  <datafield tag="035" ind1=" " ind2=" ">
    <subfield code="a">(BD-RjUL)79093</subfield>
  </datafield>
  <datafield tag="040" ind1=" " ind2=" ">
    <subfield code="a">BD-RjUL</subfield>
    <subfield code="b">eng</subfield>
    <subfield code="c">BD-RjUL</subfield>
  </datafield>
  <datafield tag="041" ind1=" " ind2=" ">
    <subfield code="a">ara</subfield>
  </datafield>
  <datafield tag="082" ind1=" " ind2=" ">
    <subfield code="2">23</subfield>
  </datafield>
  <datafield tag="100" ind1=" " ind2=" ">
    <subfield code="a">&#x627;&#x644;&#x628;&#x631;&#x627;&#x632; &#x627;&#x644;&#x631;&#x627;&#x632;&#x64A;,  &#x639;&#x628;&#x62F; &#x627;&#x644;&#x631;&#x62D;&#x645;&#x627;&#x646; &#x628;&#x646; &#x639;&#x645;&#x631; &#x628;&#x646; &#x645;&#x62D;&#x645;&#x62F;&#x60C; &#x627;&#x644;&#x645;&#x639;&#x631;&#x648;&#x641; &#x628;&#x623;&#x628;&#x64A; &#x627;&#x644;&#x62D;&#x633;&#x64A;&#x646; &#x627;&#x644;&#x635;&#x648;&#x641;&#x64A; &#x61B;</subfield>
    <subfield code="9">250392</subfield>
  </datafield>
  <datafield tag="245" ind1=" " ind2=" ">
    <subfield code="a"> &#x643;&#x62A;&#x627;&#x628;&#x627;&#x646; &#x641;&#x64A; &#x627;&#x644;&#x639;&#x645;&#x644; &#x628;&#x627;&#x644;&#x625;&#x633;&#x637;&#x631;&#x644;&#x627;&#x628;  ;; Kit&#x101;b&#x101;n fi 'l-&#x2BB;amal bi-'l-as&#x1E6D;url&#x101;b /</subfield>
    <subfield code="c"> &#x200F;   ;; &#x62A;&#x623;&#x644;&#x64A;&#x641; &#x639;&#x628;&#x62F; &#x627;&#x644;&#x631;&#x62D;&#x645;&#x627;&#x646; &#x628;&#x646; &#x639;&#x645;&#x631; &#x628;&#x646; &#x645;&#x62D;&#x645;&#x62F;&#x60C; &#x627;&#x644;&#x645;&#x639;&#x631;&#x648;&#x641; &#x628;&#x623;&#x628;&#x64A; &#x627;&#x644;&#x62D;&#x633;&#x64A;&#x646; &#x627;&#x644;&#x635;&#x648;&#x641;&#x64A; &#x627;&#x644;&#x628;&#x631;&#x627;&#x632; ;; &#x62A;&#x62D;&#x642;&#x64A;&#x642; &#x639;&#x644;&#x64A; &#x639;&#x645;&#x631;&#x627;&#x648;&#x64A;. &#x200F;&#x639;&#x645;&#x631;&#x627;&#x648;&#x64A;&#x60C; &#x639;&#x644;&#x64A;talif eabd alrahman bin eumar bin muhamadi, almaeruf bi'abi alhusayn alsuwfii albaraz alraazi ; tahqiq ealii eamrawi. &#x200F;eamrawi, eali</subfield>
  </datafield>
  <datafield tag="260" ind1=" " ind2=" ">
    <subfield code="a">[Ar-Rib&#x101;&#x1E6D;] :</subfield>
    <subfield code="b">Man&#x161;&#x16B;r&#x101;t al-Muna&#x1E93;&#x1E93;ama al-Isl&#x101;m&#x12B;ya li-t-Tarbiya wa-'l-&#x2BB;Ul&#x16B;m wa-'t&#x332;-T&#x332;aq&#x101;fa, &#x12A;s&#x12B;sk&#x16B; ,</subfield>
    <subfield code="c">1995</subfield>
  </datafield>
  <datafield tag="300" ind1=" " ind2=" ">
    <subfield code="a">447 p. :	</subfield>
    <subfield code="b">447 Seiten Diagramme;</subfield>
    <subfield code="c">24 cm</subfield>
  </datafield>
  <datafield tag="650" ind1=" " ind2=" ">
    <subfield code="a">Araber</subfield>
    <subfield code="9">250393</subfield>
  </datafield>
  <datafield tag="650" ind1=" " ind2=" ">
    <subfield code="a">Astrolabium</subfield>
    <subfield code="9">250394</subfield>
  </datafield>
  <datafield tag="700" ind1=" " ind2=" ">
    <subfield code="a">&#x61B; &#x62A;&#x62D;&#x642;&#x64A;&#x642; &#x639;&#x644;&#x64A; &#x639;&#x645;&#x631;&#x627;&#x648;&#x64A;. &#x200F;&#x639;&#x645;&#x631;&#x627;&#x648;&#x64A;&#x60C; &#x639;&#x644;&#x64A;</subfield>
    <subfield code="9">246567</subfield>
  </datafield>
  <datafield tag="942" ind1=" " ind2=" ">
    <subfield code="2">ddc</subfield>
    <subfield code="c">BK</subfield>
  </datafield>
  <datafield tag="999" ind1=" " ind2=" ">
    <subfield code="c">78866</subfield>
    <subfield code="d">78866</subfield>
  </datafield>
  <datafield tag="952" ind1=" " ind2=" ">
    <subfield code="0">0</subfield>
    <subfield code="1">0</subfield>
    <subfield code="2">ddc</subfield>
    <subfield code="4">0</subfield>
    <subfield code="7">1</subfield>
    <subfield code="8">NFIC</subfield>
    <subfield code="a">RUCL</subfield>
    <subfield code="b">RUCL</subfield>
    <subfield code="c">Reading</subfield>
    <subfield code="d">2021-11-22</subfield>
    <subfield code="o">A 522.2 BAK 1995</subfield>
    <subfield code="r">2021-11-22 00:00:00</subfield>
    <subfield code="t">C-1</subfield>
    <subfield code="y">BK</subfield>
  </datafield>
</record>
